| 000 | 01916cad a22002775a 4500 | ||
|---|---|---|---|
| 001 | E148989 | ||
| 008 | 091210s2009 xxk f 000 0 eng d | ||
| 020 | _a9781842194157 | ||
| 035 | _a(Sirsi) u148989 | ||
| 041 | 0 | _aeng | |
| 050 | 0 | 4 | _a347.41067 $2 18 |
| 110 | 2 |
_aRoyal Institution of Chartered Surveyors _bDispute Resolution Faculty |
|
| 245 | 0 | 0 |
_aSurveyors and lawyers involved in lease renewals under PACT _bRICS guidance note _h[electronic resource] _c[old edition] |
| 260 |
_aLondon _bRICS _c2009 |
||
| 490 | 0 | _aRICS Guidance Note | |
| 505 | 2 | _aGeneral introduction -- Issues that can be determined using PACT -- Instigating the in court PACT procedure -- Instigating the out of court PACT procedure -- Arbitrator or independent expert? -- The appointed person or persons -- The proceedings -- The award or determination -- Costs -- Producing the lease document -- Appendices | |
| 520 | _aThe Landlord and Tenant Act 1954 (the Landlord and Tenant Act) provides for the terms of a renewal lease to be determined by the courts. Professional Arbitration on Court Terms (PACT) is a procedure whereby the determination of all or some of the terms for a renewal lease are (with the consent of both parties) "delegated" to an independent third party, who may act either as an arbitrator or as an independent expert. This guidance note provides a step-by-step guide as to how PACT works. | ||
| 520 | _aSuperseded by 2nd edition, 2018, ISBN 9781783212200 | ||
| 521 | _aAdvanced | ||
| 590 | _aKA | ||
| 651 | 4 |
_aEngland and Wales _y1543- |
|
| 690 | _aMANAGEMENT-DISPUTE AVOIDANCE, MANAGEMENT AND RESOLUTION-DISPUTE MANAGEMENT AND RESOLUTION | ||
| 710 | 1 |
_aLaw Society of England and Wales _91639 |
|
| 856 | 4 | 0 |
_uhttps://www.isurv.com/downloads/file/7575/archive_surveyors_and_lawyers_involved_in_lease_renewals_under_pact_december_2009-may_2018 _zArchived on iSurv (subscription required) |
| 942 |
_n0 _2ddc |
||
| 999 |
_c110316 _d110316 |
||